00000000nam 2200000za 4500
0019.643610
003CaOODSP
00520230310075145
007cr |||||||||||
008150407|1969||||xxc|||||o    f|0| 0 fre d
040 |aCaOODSP|bfre
043 |an-cn---
0861 |aA53-1369/1969F-PDF
1101 |aCanada.|bAgriculture Canada. |bDirection générale de recherche.
24510|aCulture de la rhubarbe / |h[ressource électronique]|c[par] Lloyd H. Lyall.
260 |aOttawa - Ontario : |bAgriculture Canada. |c1969.
300 |a4p.
500 |aPublication historique numérisée par Agriculture et Agroalimentaire Canada.
590 |a15-01-Supp|b2015-01-26
69107|aCultures maraîchères|2gcpds
69107|aJardin|2gcpds
69107|aJardinage|2gcpds
77508|tRhubarb planting & growing / |w(CaOODSP)9.699633
794 |tLa culture de la rhubarbe / |w(CaOODSP)9.643453
85640|ahttp://publications.gc.ca|qPDF|s245 Ko|uhttps://publications.gc.ca/collections/collection_2014/aac-aafc/agrhist/A53-1369-1969-fra.pdf
986 |a1369